000
00330nam a22001457a 4500
003
SGT
020
_a
9788184877366
082
_a
624,HIR
100
_a
HIRDE,SUCHITA
245
_a
DESIGN OF STEEL STRUCTURES
260
_a
NEW DELHI
_b
NAROSA PUB. HOUSE
_c
2023
300
_a
7.22
650
_a
CIVIL ENGINEERING
942
_2
ddc
_c
BK
999
_c
24903
_d
24903